| 000 | 00948cam a2200277 i 4500 | ||
|---|---|---|---|
| 999 |
_c200441702 _d59914 |
||
| 003 | TR-AnTOB | ||
| 005 | 20240425091452.0 | ||
| 007 | ta | ||
| 008 | 210701s1993 tu a 000 0 tur d | ||
| 040 |
_aTR-AnTOB _beng _erda _cTR-AnTOB |
||
| 041 | 0 |
_atur _aeng |
|
| 050 |
_bHD9787.T83 _aT87 1993 |
||
| 090 |
_aHD9787.T83 _bT87 1993 |
||
| 245 | _aTürkiye küçük ölçekli ayakkabı ve tabaklama sanayi sektörü. | ||
| 264 | 1 |
_aAnkara : _bTOSYÖV, _c1993. |
|
| 300 |
_a123 pages : _billustrations ; _c20 cm |
||
| 336 |
_2rdacontent _atext _btxt |
||
| 337 |
_2rdamedia _aunmediated _bn |
||
| 338 |
_2rdacarrier _avolume _bnc |
||
| 490 | 0 |
_aSektör Araştırmaları ; _vno: 1 |
|
| 650 | 7 |
_aAyakkabı endüstrisi _zTürkiye _2etuturkob _931934 |
|
| 710 | 2 |
_aTürkiye Küçük ve Orta Ölçekli İşletmeler Serbest Meslek Mensupları ve Yöneticiler Vakfı _975107 |
|
| 942 |
_2lcc _cBK |
||